| 000 | 01384pam a2200361 a 4500 | ||
|---|---|---|---|
| 999 |
_c20674 _d20674 |
||
| 001 | 3997937 | ||
| 003 | OSt | ||
| 005 | 20170120113806.0 | ||
| 008 | 960514s1997 paua b 001 0 eng c | ||
| 010 | _a 96020650 | ||
| 020 | _a0721663427 | ||
| 040 |
_aDNLM/DLC _cDLC _dDLC |
||
| 050 | 1 | 0 | _aRT73 .M396 1997 |
| 060 | 1 | 0 | _aWY 18 M528r 1997 |
| 082 | 0 | 0 |
_a610.73/071 _220 |
| 100 | 1 |
_aMeltzer, Marilyn, _d1997 |
|
| 245 | 1 | 0 |
_aLearning strategies in nursing : _breading, studying & test-taking / _cMarilyn Meltzer, Susan Marcus Palau. |
| 250 | _a2nd ed | ||
| 260 |
_aPhiladelphia : _bW.B. Saunders Co., _c1997. |
||
| 300 |
_aviii, 347 p. : _bill. ; _c28 cm. |
||
| 500 | _aincludes bibliographical references and index | ||
| 504 | _aIncludes bibliographical references (p. 315) and index. | ||
| 650 | 0 |
_aNursing _xStudy and teaching. |
|
| 650 | 0 | _aStudy skills. | |
| 650 | 1 | 2 | _aEducation, Nursing. |
| 650 | 2 | 2 |
_aLearning _xnurses' instruction. |
| 650 | 2 | 2 |
_aReading _xnurses' instruction. |
| 650 | 2 | 2 |
_aVocabulary _xnurses' instruction. |
| 700 | 1 |
_aPalau, Susan Marcus. _41997 |
|
| 700 | 1 |
_aMeltzer, Marilyn, _d1997 _tReading and study strategies for nursing students. |
|
| 906 |
_a7 _bcbc _corignew _d1 _eocip _f19 _gy-gencatlg |
||
| 942 |
_2lcc _cBOOKS _hRT73 .M396 1997 _k30611 |
||